000 00581nam a2200181Ia 4500
003 GCL
008 140319s9999 xx 000 0 ara d
040 _aGCL /
_cGCL
082 0 4 _a813.08
_bص م
100 1 _aصالح مرسى
245 1 0 _aكنت جاسوسا فى اسرائيل: رافت الهجان /
_cصالح مرسى
260 _a[S.N] :
_bابوللو للنشر والتوزيع ،
_c1990
300 _a982 ص
490 _aالاعمال الكاملة لصالح مرسى
_v0
650 0 4 _aالمذكرات
650 0 4 _aرافت الهجان
942 _2ddc
_cBK
999 _c41367
_d41367